Thermodynamics (Record no. 7801)

000 -LEADER
fixed length control field 00495nam a22002057a 4500
001 - CONTROL NUMBER
control field 7801
003 - CONTROL NUMBER IDENTIFIER
control field BD-DhUET
008 - FIXED-LENGTH DATA ELEMENTS--GENERAL INFORMATION
fixed length control field 141212b xxu||||| |||| 00| 0 eng d
040 ## - CATALOGING SOURCE
Transcribing agency 0
Modifying agency BD-DhUET
082 ## - DEWEY DECIMAL CLASSIFICATION NUMBER
Classification number 621.01
Item number OBE/1963
100 ## - MAIN ENTRY--PERSONAL NAME
Personal name Obert, Edward F.
245 ## - TITLE STATEMENT
Title Thermodynamics
250 ## - EDITION STATEMENT
Edition statement 2nd ed.
260 ## - PUBLICATION, DISTRIBUTION, ETC. (IMPRINT)
Place of publication, distribution, etc. New York
Name of publisher, distributor, etc. McGraw-Hill Book
Date of publication, distribution, etc. 1963
300 ## - PHYSICAL DESCRIPTION
Extent xxi,596p.
504 ## - BIBLIOGRAPHY, ETC. NOTE
Bibliography, etc Includes bibliographies
650 #0 - SUBJECT ADDED ENTRY--TOPICAL TERM
Topical term or geographic name as entry element Thermodynamics
700 ## - ADDED ENTRY--PERSONAL NAME
Personal name Gaggioli, Richard A.
942 ## - ADDED ENTRY ELEMENTS (KOHA)
Koha item type General Book
Holdings
Koha date last seen Koha full call number Location (home branch) Lost status Piece designation (barcode) Koha item type Koha normalized classification for sorting Sublocation or collection (holding branch) Not for loan Price effective from Source of classification or shelving scheme Copy number Date acquired Withdrawn status Shelving location Damaged status
2014-12-12621.01/OBE/1963Central Library, BUET 6402General Book621_010000000000000_OBE_1963Central Library, BUET 2014-12-12 12014-12-12 Circulation section 
2014-12-12621.01/OBE/1963Central Library, BUET 6403General Book621_010000000000000_OBE_1963Central Library, BUET 2014-12-12 22014-12-12 Circulation section 
2014-12-12621.01/OBE/1963Central Library, BUET 15731General Book621_010000000000000_OBE_1963Central Library, BUET 2014-12-12 32014-12-12 Circulation section 
2014-12-12621.01/OBE/1963Central Library, BUET 18703General Book621_010000000000000_OBE_1963Central Library, BUET 2014-12-12 42014-12-12 Circulation section 
2014-12-12621.01/OBE/1963Central Library, BUET 18706General Book621_010000000000000_OBE_1963Central Library, BUET 2014-12-12 52014-12-12 Circulation section 
2014-12-12621.01/OBE/1963Central Library, BUET 18708General Book621_010000000000000_OBE_1963Central Library, BUET 2014-12-12 62014-12-12 Circulation section 
2014-12-12621.01/OBE/1963Central Library, BUET 18705General Book621_010000000000000_OBE_1963Central Library, BUET 2014-12-12 72014-12-12 Circulation section 
2014-12-12621.01/OBE/1963Central Library, BUET 18702General Book621_010000000000000_OBE_1963Central Library, BUET 2014-12-12 82014-12-12 Circulation section 
2015-04-12621.01/OBE/1963Central Library, BUET 18707General Book621_010000000000000_OBE_1963Central Library, BUET 2015-04-12 92015-04-12 Circulation section